Rockin’ Chair - Oasis - Lyrics - Statistics

General Stats
  • This quiz has been taken 53 times
  • The average score is 172 of 215
Answer Stats
Answer % Correct
I
97%
to
97%
To
97%
a
93%
All
93%
all
93%
be
93%
I'm
93%
me
93%
You
93%
your
93%
for
90%
life
90%
my
90%
try
90%
an
86%
no
86%
This
86%
chair
83%
in
83%
older
83%
Rockin'
83%
rockin'
83%
rockin
83%
than
83%
the
83%
think
83%
wish
83%
you're
83%
don't
79%
It's
79%
more
79%
rude
79%
town
79%
alone
76%
attitude
76%
care
76%
find
76%
Sitting
76%
sitting
76%
there
76%
better
72%
bring
72%
by
72%
down
72%
holds
72%
way
72%
another
69%
not
69%
phone
69%
take
69%
When
69%
come
66%
day
66%
hard
66%
much
66%
too
66%
Waiting
66%
and
62%
enough
62%
here
62%
being
59%
play
59%
memories
55%
make
52%
No matching quizzes found
Score Distribution
Percent of People with Each Score
Percentile by Number Answered
Your Score History
You have not taken this quiz